[Event "BL 1011 OSG Baden Baden - Nickelhütte A"]
[Site "?"]
[Date "2011.02.05"]
[Round "8.4"]
[White "Vallejo Pons, Francisco"]
[Black "Eichner, Sebastian"]
[Result "1-0"]
[WhiteElo "2697"]
[BlackElo "2323"]
[PlyCount "79"]
[EventDate "2011.??.??"]

1. e4 c5 2. Nf3 Nc6 3. d4 cxd4 4. Nxd4 e5 5. Nb5 d6 6. N1c3 a6 7. Na3 Be7 8.
Nc4 b5 9. Ne3 Nf6 10. Bd3 Nb4 11. Be2 Nc6 12. a3 Be6 13. O-O O-O 14. Bd3 Rc8
15. Ncd5 Bxd5 16. exd5 Nb8 17. a4 b4 18. Bd2 a5 19. c3 bxc3 20. Bxc3 Nbd7 21.
Qd2 Ra8 22. b4 axb4 23. Bxb4 Nc5 24. Bxc5 dxc5 25. Bb5 Ne4 26. Qc2 Nd6 27. Qxc5
Nf5 28. Qc4 Nxe3 29. fxe3 Qb6 30. Qe4 f5 31. Rxf5 Rxf5 32. Qxf5 Qxe3+ 33. Kh1
Qf4 34. Qe6+ Qf7 35. Qc6 Rd8 36. Rf1 Bf6 37. d6 Kh8 38. d7 h6 39. Qe4 Qg8 40.
h3 1-0

[Event "BL 1011 OSG Baden Baden - Nickelhütte A"]
[Site "?"]
[Date "2011.02.05"]
[Round "8.5"]
[White "Wichmann, Cliff"]
[Black "Naiditsch, Arkadij"]
[Result "0-1"]
[WhiteElo "2341"]
[BlackElo "2674"]
[PlyCount "52"]
[EventDate "2011.??.??"]

1. d4 Nf6 2. c4 e6 3. Nf3 Bb4+ 4. Nbd2 O-O 5. a3 Be7 6. e4 d5 7. e5 Nfd7 8. b4
a5 9. b5 c5 10. cxd5 exd5 11. Bd3 Re8 12. O-O b6 13. Re1 Nf8 14. Rb1 Bg4 15.
dxc5 bxc5 16. Qa4 c4 17. Nxc4 Bxf3 18. gxf3 dxc4 19. Be4 Nbd7 20. Bxa8 Qxa8 21.
Qxc4 Qxf3 22. Rb3 Qf5 23. f4 Nc5 24. Rc3 Rd8 25. Be3 Nd3 26. Rf1 Qg4+ 0-1

[Event "BL 1011 OSG Baden Baden - Nickelhütte A"]
[Site "?"]
[Date "2011.02.05"]
[Round "8.6"]
[White "Dautov, Rustem"]
[Black "Rosko, Lubos"]
[Result "1-0"]
[WhiteElo "2602"]
[BlackElo "2305"]
[PlyCount "49"]
[EventDate "2011.??.??"]

1. d4 Nf6 2. c4 g6 3. g3 d5 4. cxd5 Nxd5 5. e4 Nb6 6. Nc3 Bg7 7. Nge2 O-O 8.
Bg2 Na6 9. b3 c5 10. Be3 cxd4 11. Nxd4 Bg4 12. f3 Nb4 13. O-O Rc8 14. Rc1 Rxc3
15. Rxc3 N6d5 16. exd5 Nxd5 17. Qc1 Nxe3 18. Rxe3 Bxd4 19. fxg4 Qc8 20. Qd2 Qc5
21. Rfe1 Rc8 22. Bxb7 Rc7 23. Bf3 Qc3 24. Qxc3 Rxc3 25. Kf2 1-0

[Event "BL 1011 OSG Baden Baden - Nickelhütte A"]
[Site "?"]
[Date "2011.02.05"]
[Round "8.7"]
[White "Heinz, Juergen"]
[Black "Doettling, Fabian"]
[Result "0-1"]
[WhiteElo "2288"]
[BlackElo "2579"]
[PlyCount "120"]
[EventDate "2011.??.??"]

1. d4 d5 2. Nf3 Nf6 3. e3 c5 4. c3 cxd4 5. exd4 Nc6 6. Bd3 Bg4 7. h3 Bh5 8. Bf4
e6 9. Nbd2 Bd6 10. Bxd6 Qxd6 11. Qe2 Qc7 12. Qe3 Bxf3 13. Nxf3 O-O 14. O-O Rab8
15. Ne5 Nxe5 16. dxe5 Nd7 17. Rfe1 b5 18. Rad1 Rfd8 19. Bb1 b4 20. cxb4 Rxb4
21. b3 a5 22. Rc1 Qb8 23. Qg5 h6 24. Qe7 Rb7 25. Qh4 Rc8 26. Rxc8+ Qxc8 27. Qf4
Rc7 28. Kh2 Rc3 29. Re3 Qc7 30. Re1 g5 31. Qd4 Rc1 32. Rxc1 Qxc1 33. Qd3 Qf4+
34. Kg1 Qc1+ 35. Kh2 Kf8 36. Qb5 Qf4+ 37. Kg1 Qc1+ 38. Kh2 Qc7 39. g3 Nxe5 40.
b4 Qa7 41. Kg2 axb4 42. Qxb4+ Kg8 43. a4 Qa8 44. f3 Qa7 45. f4 gxf4 46. Qxf4
Qb8 47. Qc1 Qb3 48. h4 Qf3+ 49. Kh3 Qg4+ 50. Kg2 Qe2+ 51. Kh3 Nf3 52. h5 Ng5+
53. Kh4 Nf3+ 54. Kh3 Ng5+ 55. Kh4 Qh2+ 56. Kg4 Qf2 57. Kh4 Qd4+ 58. Qf4 Qb2 59.
Qf1 Qb4+ 60. Qf4 Qxb1 0-1

[Event "BL 1011 OSG Baden Baden - Nickelhütte A"]
[Site "?"]
[Date "2011.02.05"]
[Round "8.8"]
[White "Schlosser, Philipp"]
[Black "Schnabel, Ralf"]
[Result "1-0"]
[WhiteElo "2574"]
[BlackElo "2259"]
[PlyCount "85"]
[EventDate "2011.??.??"]

1. Nf3 d6 2. d4 f5 3. g3 Nf6 4. Bg2 g6 5. O-O Bg7 6. c4 O-O 7. Nc3 Qe8 8. Re1
c6 9. e4 fxe4 10. Nxe4 Nxe4 11. Rxe4 Bf5 12. Re3 Qf7 13. Qe2 Bf6 14. h3 h5 15.
Bd2 Na6 16. Re1 Nc7 17. b3 Rae8 18. Bc3 Qg7 19. Qb2 g5 20. Nd2 d5 21. Qa3 a6
22. Nf3 Be4 23. Rxe4 dxe4 24. Rxe4 e6 25. Bd2 Rf7 26. Be3 Nd5 27. cxd5 cxd5 28.
Re5 Bxe5 29. Nxe5 Rc7 30. Bf1 Qe7 31. Qb2 Rec8 32. Bd3 Qb4 33. Kg2 Qe1 34. Bxg5
Rc1 35. Bxc1 Rxc1 36. Kf3 Qh1+ 37. Kf4 Rc8 38. h4 Rf8+ 39. Kg5 Qg2 40. Qc2 Qxf2
41. Bh7+ Kh8 42. Qxf2 Rxf2 43. Kh6 1-0

[Event "BL 1011 SV Wattenscheid - Werder Bremen"]
[Site "?"]
[Date "2011.02.05"]
[Round "8.1"]
[White "Gashimov, Vugar"]
[Black "Najer, Evgeniy"]
[Result "1-0"]
[WhiteElo "2719"]
[BlackElo "2657"]
[PlyCount "107"]
[EventDate "2011.??.??"]

1. e4 e5 2. Nf3 Nc6 3. Bb5 a6 4. Ba4 Nf6 5. O-O Be7 6. d3 d6 7. c3 O-O 8. Re1
Nd7 9. d4 Bf6 10. Be3 Nb6 11. Bxc6 bxc6 12. Nbd2 a5 13. Qc2 a4 14. dxe5 Bxe5
15. c4 Nd7 16. Nd4 Bb7 17. Rad1 Bxd4 18. Bxd4 c5 19. Bc3 Re8 20. Nf1 f6 21. f3
Qe7 22. Ne3 Qf7 23. b3 axb3 24. axb3 Ne5 25. Nf5 Bc8 26. Ng3 Nc6 27. f4 Bb7 28.
Re3 Re6 29. Rf1 Qe8 30. Qd1 Ra2 31. Nh5 Nd4 32. Bxd4 cxd4 33. Rg3 Qf7 34. Rxg7+
Qxg7 35. Nxg7 Kxg7 36. Rf2 Rxf2 37. Kxf2 c5 38. Qg4+ Kf7 39. Qh3 Bxe4 40. f5
Re5 41. Qxh7+ Ke8 42. g4 Bc2 43. Qc7 d3 44. Qxd6 Re2+ 45. Kf1 Re7 46. Qb8+ Kd7
47. Qb7+ Kd8 48. Qa8+ Kd7 49. Qd5+ Ke8 50. g5 fxg5 51. f6 Re2 52. Qg8+ Kd7 53.
Qh7+ Ke6 54. f7 1-0

[Event "BL 1011 SV Wattenscheid - Werder Bremen"]
[Site "?"]
[Date "2011.02.05"]
[Round "8.2"]
[White "Macieja, Bartlomiej"]
[Black "Fressinet, Laurent"]
[Result "1-0"]
[WhiteElo "2651"]
[BlackElo "2718"]
[PlyCount "91"]
[EventDate "2011.??.??"]

1. e4 e5 2. Nf3 Nc6 3. Bc4 Bc5 4. c3 Nf6 5. d3 O-O 6. b4 Be7 7. O-O d5 8. exd5
Nxd5 9. b5 Na5 10. Bxd5 Qxd5 11. c4 Qd7 12. Bd2 e4 13. Bxa5 exf3 14. Qxf3 a6
15. Bc3 axb5 16. cxb5 Qxb5 17. Qg3 Qg5 18. Qxc7 Ra6 19. Bd2 Qf6 20. Bc3 Qh4 21.
Qg3 Qh6 22. Qe3 Bg5 23. f4 Bd8 24. Nd2 Bd7 25. Nc4 Re6 26. Qd4 Bc8 27. Qf2 Rfe8
28. Rae1 b5 29. Ne5 Bh4 30. g3 Bd8 31. Ng4 Qh3 32. f5 R6e7 33. Qd4 f6 34. Nxf6+
gxf6 35. Qxf6 Qg4 36. Qh8+ Kf7 37. Qf6+ Kg8 38. Qh8+ Kf7 39. Qxh7+ Kf8 40. Qh8+
Kf7 41. Qh7+ Kf8 42. Qh6+ Kf7 43. Re6 Rg8 44. Qf6+ Ke8 45. Rxe7+ Bxe7 46. Re1
1-0

[Event "BL 1011 SV Wattenscheid - Werder Bremen"]
[Site "?"]
[Date "2011.02.05"]
[Round "8.4"]
[White "Rustemov, Alexander"]
[Black "Areshchenko, Alexander"]
[Result "0-1"]
[WhiteElo "2541"]
[BlackElo "2664"]
[PlyCount "102"]
[EventDate "2011.??.??"]

1. Nf3 Nf6 2. d4 g6 3. Bg5 Bg7 4. e3 O-O 5. Nbd2 d6 6. Bc4 Qe8 7. O-O Nbd7 8.
c3 e5 9. dxe5 dxe5 10. Qc2 Nb6 11. Be2 h6 12. Bxf6 Bxf6 13. a4 a5 14. Nc4 Nxc4
15. Bxc4 Kg7 16. Rfd1 Bg4 17. Be2 Qe7 18. Rd2 c6 19. Rad1 Rad8 20. Kf1 e4 21.
Nd4 Bc8 22. Nb3 Rde8 23. Kg1 Qe5 24. Nd4 h5 25. b4 h4 26. bxa5 Qxa5 27. Nb3 Qg5
28. Bf1 Be5 29. Nc5 Bxh2+ 30. Kxh2 Qxc5 31. Qb2 Qe5+ 32. Kh1 Rh8 33. c4 Qxb2
34. Rxb2 Rh5 35. Rd4 Ra5 36. Ra2 f5 37. Kh2 Be6 38. g3 hxg3+ 39. Kxg3 Kf6 40.
Rb2 Re7 41. Rd8 Rxa4 42. Rc2 Ra1 43. Bg2 g5 44. Rh8 Rg7 45. Kh2 Rd1 46. c5 Rdd7
47. f3 Rh7+ 48. Rxh7 Rxh7+ 49. Kg3 exf3 50. Bxf3 Ke5 51. Rb2 Bd5 0-1

[Event "BL 1011 SV Wattenscheid - Werder Bremen"]
[Site "?"]
[Date "2011.02.05"]
[Round "8.5"]
[White "Roiz, Michael"]
[Black "Appel, Ralf"]
[Result "1-0"]
[WhiteElo "2637"]
[BlackElo "2547"]
[PlyCount "119"]
[EventDate "2011.??.??"]

1. Nf3 d5 2. d4 Nf6 3. c4 c6 4. Nc3 g6 5. cxd5 cxd5 6. Bf4 Bg7 7. e3 O-O 8. Bd3
Nc6 9. h3 b6 10. Rc1 Bb7 11. O-O e6 12. Nb5 Ne8 13. Ne5 Ne7 14. Qb3 f6 15. Nf3
Nc6 16. e4 a6 17. Nc3 Na5 18. Qc2 Nd6 19. Qe2 Nf7 20. Rfe1 e5 21. dxe5 fxe5 22.
Bd2 d4 23. Nd5 Nc6 24. Rc2 Ra7 25. Rec1 Qd6 26. Nxb6 Nb4 27. Nc8 Bxc8 28. Rxc8
Nxd3 29. Qxd3 Qd7 30. Qc4 Ra8 31. Rxa8 Rxa8 32. Ng5 Bf6 33. Nxf7 Qxf7 34. Kf1
Be7 35. Ke2 Rb8 36. b3 Rb6 37. Qxf7+ Kxf7 38. Rc7 Ke8 39. Kd3 h5 40. f3 Kd8 41.
Ra7 Rc6 42. Ba5+ Ke8 43. Rc7 Rf6 44. Bd2 Rb6 45. Ra7 Rc6 46. b4 Rb6 47. a3 g5
48. g3 Kf8 49. Rc7 Ke8 50. Kc4 Kd8 51. Ra7 Rc6+ 52. Kd3 Rb6 53. Ra8+ Kd7 54.
Rg8 Rf6 55. Ke2 d3+ 56. Kf2 Rd6 57. Ke1 g4 58. hxg4 hxg4 59. Rxg4 Rf6 60. Rg7
1-0

[Event "BL 1011 SV Wattenscheid - Werder Bremen"]
[Site "?"]
[Date "2011.02.05"]
[Round "8.6"]
[White "Holzke, Frank Dr"]
[Black "Nyback, Tomi"]
[Result "0-1"]
[WhiteElo "2502"]
[BlackElo "2635"]
[PlyCount "84"]
[EventDate "2011.??.??"]

1. d4 Nf6 2. Nf3 e6 3. c4 c5 4. d5 b5 5. Bg5 b4 6. e4 d6 7. e5 dxe5 8. Nxe5 Bd6
9. Ng4 Be7 10. d6 Qxd6 11. Nxf6+ gxf6 12. Qxd6 Bxd6 13. Bxf6 Rg8 14. Nd2 Bb7
15. Bh4 Be7 16. Bg3 Nc6 17. Bd3 h5 18. Nf3 O-O-O 19. O-O-O Nd4 20. Nxd4 cxd4
21. h4 Bxg2 22. Rhe1 Bf3 23. Rd2 Bd6 24. Bxd6 Rxd6 25. Re5 Rg4 26. Kc2 Rxh4 27.
Kb3 f6 28. Ra5 Rb6 29. Rxa7 Rb7 30. Ra8+ Kc7 31. c5 Bd5+ 32. Ka4 b3 33. a3 Rb8
34. Ra7+ Kc6 35. Ra5 Rf4 36. f3 Bxf3 37. Rf2 Kc7 38. Ra7+ Kd8 39. Bb5 e5 40.
Rh7 d3+ 41. Ka5 Rxb5+ 42. Kxb5 Be4 0-1

[Event "BL 1011 SV Wattenscheid - Werder Bremen"]
[Site "?"]
[Date "2011.02.05"]
[Round "8.8"]
[White "Hirneise, Tobias"]
[Black "Babula, Vlastimil"]
[Result "0-1"]
[WhiteElo "2436"]
[BlackElo "2515"]
[PlyCount "140"]
[EventDate "2011.??.??"]

1. d4 Nf6 2. c4 e6 3. Nf3 Bb4+ 4. Bd2 a5 5. g3 d6 6. Bg2 Nbd7 7. O-O e5 8. Nc3
c6 9. a3 Bxc3 10. Bxc3 e4 11. Ne1 d5 12. cxd5 cxd5 13. a4 O-O 14. Nc2 Re8 15.
Qd2 Nf8 16. b4 axb4 17. Bxb4 h5 18. Ne3 h4 19. Bxf8 Kxf8 20. Rfc1 g6 21. Rc5
Kg7 22. Qb4 Re6 23. Rac1 Rb6 24. Qc3 Be6 25. a5 Rba6 26. Rc7 Rxa5 27. Rxb7 Rc8
28. Qd2 Rxc1+ 29. Qxc1 Qc8 30. Rb1 Qxc1+ 31. Rxc1 Ra4 32. Rd1 h3 33. Bf1 Ng4
34. Nc2 Ra2 35. Ne3 Nxe3 36. fxe3 g5 37. Kf2 Kf6 38. Rb1 g4 39. Rb7 Kg7 40. Rb8
Ra1 41. Kg1 Rc1 42. Kf2 Rc8 43. Rb7 Kf8 44. Ra7 Ke8 45. Rb7 Kd8 46. Ra7 Rc7 47.
Ra8+ Kd7 48. Rb8 Kc6 49. Rb1 Ra7 50. Rb2 Ra5 51. Rb1 Rb5 52. Ra1 Rb4 53. Rc1+
Kb5 54. Rc7 Ka4 55. Ke1 Rb1+ 56. Kf2 Kb3 57. Rc5 Kb2 58. Rb5+ Kc2 59. Rc5+ Kd2
60. Ra5 Rb2 61. Ra7 Bc8 62. Ra5 Bb7 63. Ra7 f6 64. Ra5 Bc6 65. Ra6 Bb5 66. Rxf6
Bc4 67. Rf4 Rb1 68. Rf7 Rb3 69. Ra7 Rxe3 70. Rb7 Ra3 0-1

[Event "BL 1011 Turm Emsdetten - SK Delmenhorst"]
[Site "?"]
[Date "2011.02.05"]
[Round "8.1"]
[White "Heberla, Bartlomeij"]
[Black "Giri, Anish"]
[Result "0-1"]
[WhiteElo "2534"]
[BlackElo "2677"]
[PlyCount "90"]
[EventDate "2011.??.??"]

1. c4 Nf6 2. Nc3 e5 3. Nf3 Nc6 4. d3 Bb4 5. Bd2 O-O 6. g3 Re8 7. Bg2 Bxc3 8.
Bxc3 e4 9. Ng5 exd3 10. Qxd3 h6 11. Nf3 d6 12. O-O Ne4 13. Rfe1 Bg4 14. Nd4 Nc5
15. Qc2 Nxd4 16. Bxd4 Ne6 17. Bc3 Qc8 18. h3 Bh5 19. f4 Bg6 20. e4 Nc5 21. b4
Nd7 22. Qd2 a5 23. bxa5 f6 24. e5 fxe5 25. fxe5 Nxe5 26. Qd5+ Bf7 27. Qxb7 Qxb7
28. Bxb7 Ra7 29. a6 Bxc4 30. Bxe5 Rxe5 31. Rxe5 dxe5 32. Re1 Bxa6 33. Bd5+ Kf8
34. Rxe5 Bc8 35. Bc6 Bxh3 36. a4 Kf7 37. a5 Kf6 38. Rb5 Be6 39. Rc5 Ke7 40. Bf3
Bd7 41. Kf2 c6 42. Ke3 Kd6 43. Kd4 Rb7 44. a6 Rb4+ 45. Rc4 Rb6 0-1

[Event "BL 1011 Turm Emsdetten - SK Delmenhorst"]
[Site "?"]
[Date "2011.02.05"]
[Round "8.2"]
[White "Spoelman, Wouter"]
[Black "Jugelt, Tobias"]
[Result "1-0"]
[WhiteElo "2538"]
[BlackElo "2409"]
[PlyCount "99"]
[EventDate "2011.??.??"]

1. d4 d5 2. c4 c6 3. Nf3 Nf6 4. e3 g6 5. Nc3 Bg7 6. Bd3 O-O 7. O-O Be6 8. cxd5
Nxd5 9. h3 f6 10. e4 Nb6 11. Qe2 Bf7 12. Be3 N8d7 13. Rfd1 e6 14. b4 Qe7 15. a4
Rac8 16. Rab1 Rfe8 17. a5 Na8 18. e5 f5 19. Bg5 Qf8 20. Nd2 b5 21. f4 Nc7 22.
Nf3 a6 23. Qd2 Nd5 24. Ne2 Rc7 25. Rb2 Rec8 26. Kh1 Qe8 27. Bb1 Nf8 28. Rg1 h6
29. Bh4 Kh8 30. g4 Bg8 31. Nc1 Rf7 32. Nd3 fxg4 33. hxg4 Nd7 34. Qh2 Bh7 35.
Rf2 Qf8 36. Bg3 Nxb4 37. Nxb4 Qxb4 38. Ng5 hxg5 39. Bxg6 Bxe5 40. Bxf7 Bxd4 41.
fxg5 Rg8 42. Rd1 Bxf2 43. Be5+ Rg7 44. Bxg7+ Kxg7 45. Qh6+ Kh8 46. Bg6 Qe7 47.
Bxh7 Qxh7 48. Rxd7 Qxh6+ 49. gxh6 Be3 50. Rd6 1-0

[Event "BL 1011 Turm Emsdetten - SK Delmenhorst"]
[Site "?"]
[Date "2011.02.05"]
[Round "8.3"]
[White "Luch, Michal"]
[Black "Janssen, Ruud"]
[Result "1/2-1/2"]
[WhiteElo "2385"]
[BlackElo "2498"]
[PlyCount "104"]
[EventDate "2011.??.??"]

1. Nc3 d5 2. d4 Nf6 3. Bg5 c5 4. Bxf6 gxf6 5. e4 dxe4 6. dxc5 f5 7. Bb5+ Nc6 8.
Qxd8+ Kxd8 9. f3 Bg7 10. O-O-O+ Bd7 11. Nge2 exf3 12. gxf3 e6 13. Rhg1 Rg8 14.
Rg3 Ke7 15. f4 Bh8 16. Rdd3 Rad8 17. Kd2 a6 18. Ba4 h5 19. Rxg8 Rxg8 20. Rg3
Rd8 21. Rd3 Rg8 22. Rg3 Rg6 23. Ke3 Rg4 24. Rxg4 fxg4 25. Bxc6 Bxc6 26. b4 h4
27. Kf2 e5 28. f5 Kf6 29. a4 Kxf5 30. b5 axb5 31. axb5 Bd7 32. c6 bxc6 33. b6
Bc8 34. Na4 Bf6 35. c4 Be7 36. Nc1 Ke4 37. Nb3 Bb4 38. Nbc5+ Bxc5+ 39. Nxc5+
Kd4 40. b7 Bxb7 41. Nxb7 Kxc4 42. Nd6+ Kd3 43. Nxf7 Ke4 44. Nd6+ Kf4 45. Nc4 e4
46. Ne3 g3+ 47. hxg3+ hxg3+ 48. Ke2 c5 49. Nd5+ Kg4 50. Ke3 Kf5 51. Nf4 c4 52.
Ne2 Kg4 1/2-1/2

[Event "BL 1011 Turm Emsdetten - SK Delmenhorst"]
[Site "?"]
[Date "2011.02.05"]
[Round "8.5"]
[White "Margraf, Daniel"]
[Black "Pruijssers, Roeland"]
[Result "0-1"]
[WhiteElo "2264"]
[BlackElo "2483"]
[PlyCount "104"]
[EventDate "2011.??.??"]

1. e4 e5 2. Nf3 Nc6 3. d4 exd4 4. Nxd4 Nf6 5. Nc3 Bb4 6. Nxc6 bxc6 7. Bd3 d5 8.
exd5 cxd5 9. O-O O-O 10. Bg5 c6 11. h3 Be7 12. Re1 Re8 13. Qf3 h6 14. Bh4 Rb8
15. b3 Be6 16. Ne2 Rb4 17. Nf4 Bd6 18. Nxe6 fxe6 19. c4 g5 20. Bg3 Bxg3 21.
Qxg3 Qb8 22. Qe3 Kg7 23. Rac1 e5 24. cxd5 cxd5 25. Rc6 e4 26. Be2 d4 27. Qc1
Qe5 28. Rc5 Qd6 29. h4 d3 30. Qc3 Qd4 31. Qxd4 Rxd4 32. hxg5 hxg5 33. Bf1 Nd5
34. Rc4 Rxc4 35. bxc4 Nc3 36. Bxd3 exd3 37. Rxe8 d2 38. Rd8 d1=Q+ 39. Rxd1 Nxd1
40. c5 Kf6 41. c6 Ke7 42. c7 Kd7 43. Kh2 Nxf2 44. Kg3 Nd1 45. Kg4 Ne3+ 46. Kf3
Nxg2 47. Kxg2 Kxc7 48. Kg3 Kb6 49. Kg4 Ka5 50. Kxg5 Ka4 51. Kf5 Ka3 52. Ke4
Kxa2 0-1

[Event "BL 1011 Turm Emsdetten - SK Delmenhorst"]
[Site "?"]
[Date "2011.02.05"]
[Round "8.6"]
[White "Breder, Dennis"]
[Black "Hoeffer, David"]
[Result "1/2-1/2"]
[WhiteElo "2439"]
[BlackElo "2259"]
[PlyCount "83"]
[EventDate "2011.??.??"]

1. e4 Nc6 2. Nf3 f5 3. exf5 d5 4. Bb5 Bxf5 5. Ne5 Qd6 6. d4 Nf6 7. O-O Nd7 8.
c4 Ncxe5 9. dxe5 Qxe5 10. Re1 Qd6 11. cxd5 O-O-O 12. Qf3 Bxb1 13. Rxb1 Nf6 14.
Bf4 Qxd5 15. Qc3 e5 16. Bxe5 Bd6 17. Bc4 Qc6 18. Be6+ Kb8 19. Qxc6 bxc6 20. Bc3
Rhf8 21. Rbc1 Kb7 22. g3 g6 23. Rcd1 Rde8 24. Kg2 Bc5 25. f4 Re7 26. b4 Bd6 27.
Rxd6 cxd6 28. Bxf6 Rxf6 29. Bc8+ Kxc8 30. Rxe7 c5 31. Rxa7 c4 32. Ra6 Kd7 33.
Kf3 Re6 34. b5 Re1 35. Rc6 d5 36. a4 Rd1 37. Ke2 Rd3 38. g4 Ra3 39. Rc5 Kd6 40.
Rc6+ Kd7 41. Rc5 Kd6 42. Rc6+ 1/2-1/2

[Event "BL 1011 Turm Emsdetten - SK Delmenhorst"]
[Site "?"]
[Date "2011.02.05"]
[Round "8.7"]
[White "Skinke, Katrina"]
[Black "Kleijn, Christov"]
[Result "1-0"]
[WhiteElo "2237"]
[BlackElo "2427"]
[PlyCount "99"]
[EventDate "2011.??.??"]

1. e4 c5 2. Nf3 d6 3. d4 cxd4 4. Nxd4 Nf6 5. Nc3 a6 6. Bg5 e6 7. f4 Be7 8. Qf3
Qc7 9. O-O-O Nbd7 10. g4 b5 11. Bxf6 Bxf6 12. g5 Bxd4 13. Rxd4 O-O 14. h4 Qc5
15. Rd2 b4 16. Nd1 Bb7 17. Nf2 d5 18. e5 Qa5 19. Rd4 Qxa2 20. Rxb4 Nc5 21. Qa3
Qxa3 22. bxa3 Bc6 23. Bd3 Rfc8 24. Kd2 a5 25. Rb6 Na4 26. Rxc6 Rxc6 27. Bb5 Rc3
28. Bxa4 Rxa3 29. Bb5 Rb8 30. Bd3 Rb4 31. Ke3 Raa4 32. h5 h6 33. gxh6 gxh6 34.
Ng4 Rxf4 35. Nf6+ Kf8 36. c4 Rxf6 37. exf6 Ra3 38. cxd5 exd5 39. Kd4 Ke8 40.
Rb1 Kd7 41. Rb7+ Kd6 42. Rb6+ Kc7 43. Ra6 a4 44. Ra7+ Kd6 45. Rxf7 Ke6 46. Rf8
Rb3 47. Bg6 a3 48. f7 a2 49. Ra8 Rb8 50. Rxa2 1-0

[Event "BL 1011 Turm Emsdetten - SK Delmenhorst"]
[Site "?"]
[Date "2011.02.05"]
[Round "8.8"]
[White "Kabatianski, Alexandr"]
[Black "Ohse, Andreas Dr"]
[Result "1/2-1/2"]
[WhiteElo "2439"]
[BlackElo "2133"]
[PlyCount "42"]
[EventDate "2011.??.??"]

1. d4 Nf6 2. c4 g6 3. g3 c6 4. Nf3 Bg7 5. Bg2 d5 6. Qb3 Qb6 7. Nc3 O-O 8. O-O
Be6 9. Ng5 dxc4 10. Qa4 Qxd4 11. Nxe6 fxe6 12. Rd1 Qg4 13. f3 Qf5 14. Qxc4 Nbd7
15. Kh1 Nb6 16. Qb3 Kf7 17. Be3 Nfd5 18. Bd4 Nxc3 19. bxc3 Qb5 20. Qc2 Rad8 21.
Bh3 Qc4 1/2-1/2

[Event "BL 1011 SC Remagen - SG Turm Trier"]
[Site "?"]
[Date "2011.02.05"]
[Round "8.1"]
[White "Lupulescu, Constantin"]
[Black "Parligras, Mircea"]
[Result "1/2-1/2"]
[WhiteElo "2617"]
[BlackElo "2601"]
[PlyCount "43"]
[EventDate "2011.??.??"]

1. e4 c5 2. Nf3 e6 3. d4 cxd4 4. Nxd4 Nf6 5. Nc3 Nc6 6. Ndb5 d6 7. Bf4 e5 8.
Bg5 a6 9. Na3 b5 10. Nd5 Be7 11. Bxf6 Bxf6 12. c4 b4 13. Nc2 O-O 14. Be2 a5 15.
O-O Bg5 16. Qd3 Be6 17. Rfd1 Rb8 18. Nde3 Qb6 19. b3 Rbd8 20. h3 g6 21. Bg4 Kh8
22. Nd5 1/2-1/2

[Event "BL 1011 SC Remagen - SG Turm Trier"]
[Site "?"]
[Date "2011.02.05"]
[Round "8.2"]
[White "Goloshchapov, Alexander"]
[Black "Howell, David W L"]
[Result "1/2-1/2"]
[WhiteElo "2576"]
[BlackElo "2616"]
[PlyCount "125"]
[EventDate "2011.??.??"]

1. d4 Nf6 2. c4 g6 3. Nf3 Bg7 4. g3 d5 5. cxd5 Nxd5 6. Bg2 Nb6 7. Nc3 Nc6 8.
Bf4 O-O 9. O-O Nxd4 10. Nxd4 e5 11. Nc6 Qxd1 12. Ne7+ Kh8 13. Rfxd1 exf4 14.
Nxc8 Raxc8 15. Bxb7 Rb8 16. Ba6 fxg3 17. hxg3 Rfd8 18. Rac1 Rxd1+ 19. Nxd1 Rd8
20. Bd3 Rd7 21. b4 Nd5 22. a3 Bd4 23. Kf1 Kg7 24. e3 Bb6 25. Nb2 f5 26. Bb5 Rd8
27. Bc6 Ne7 28. Ke2 a5 29. b5 Kf6 30. a4 Ke6 31. Nd3 Rd6 32. Bb7 Nd5 33. Rc4
Ne7 34. Rh4 h5 35. Rc4 Kf6 36. Nf4 Ke5 37. Nd3+ Kf6 38. Ba8 Rd8 39. Bg2 Rd6 40.
Bf3 Rd8 41. Rc2 Rd6 42. Bb7 Rd8 43. Rc1 Rb8 44. Bf3 Rd8 45. Bg2 Rd6 46. Bb7 Rd8
47. Nc5 Ke5 48. Rc4 Rh8 49. e4 fxe4 50. Rxe4+ Kd6 51. Re6+ Kxc5 52. Rxe7 Kb4
53. Re4+ Ka3 54. f4 h4 55. gxh4 Rxh4 56. Bc6 Rh2+ 57. Kf3 Rb2 58. Be8 Rb3+ 59.
Ke2 Rb4 60. Bxg6 Kxa4 61. Kd3 Kxb5 62. Be8+ Kc5 63. Rxb4 1/2-1/2

[Event "BL 1011 SC Remagen - SG Turm Trier"]
[Site "?"]
[Date "2011.02.05"]
[Round "8.3"]
[White "Erdoes, Viktor"]
[Black "Dgebuadze, Alexandre"]
[Result "1/2-1/2"]
[WhiteElo "2576"]
[BlackElo "2524"]
[PlyCount "59"]
[EventDate "2011.??.??"]

1. d4 Nf6 2. c4 e6 3. Nc3 Bb4 4. Qc2 O-O 5. Nf3 d6 6. Bg5 Nbd7 7. e3 Qe8 8. Be2
Bxc3+ 9. bxc3 h6 10. Bh4 b6 11. Nd2 Bb7 12. O-O e5 13. Rae1 a5 14. f3 a4 15.
Bd3 Ra5 16. Kh1 Qa8 17. Rb1 Re8 18. e4 Nh5 19. Rfe1 Nf4 20. Bf1 Nf8 21. Bf2
N8g6 22. c5 bxc5 23. Nc4 Ra6 24. dxe5 dxe5 25. Red1 Ne6 26. Nb2 Ra5 27. Nc4 Ra7
28. Na3 Ba6 29. Nc4 Bb7 30. Na3 1/2-1/2

[Event "BL 1011 SC Remagen - SG Turm Trier"]
[Site "?"]
[Date "2011.02.05"]
[Round "8.6"]
[White "Teske, Henrik"]
[Black "Jaracz, Pawel"]
[Result "1/2-1/2"]
[WhiteElo "2522"]
[BlackElo "2543"]
[PlyCount "41"]
[EventDate "2011.??.??"]

1. Nf3 d5 2. d4 Nf6 3. c4 c6 4. Nc3 dxc4 5. a4 Bf5 6. Ne5 Nbd7 7. Nxc4 Nb6 8.
Ne5 a5 9. Bg5 g6 10. f3 Nfd7 11. Nxd7 Bxd7 12. e4 Bg7 13. Be3 Be6 14. Qc2 Nc4
15. Bxc4 Bxc4 16. Ne2 Bxe2 17. Kxe2 Bxd4 18. Rhd1 c5 19. Qc4 O-O 20. Bxd4 cxd4
21. Rxd4 1/2-1/2

[Event "BL 1011 SC Remagen - SG Turm Trier"]
[Site "?"]
[Date "2011.02.05"]
[Round "8.7"]
[White "Gonda, Laszlo"]
[Black "Popovic, Petar"]
[Result "1/2-1/2"]
[WhiteElo "2550"]
[BlackElo "2495"]
[PlyCount "59"]
[EventDate "2011.??.??"]

1. Nf3 Nf6 2. c4 g6 3. Nc3 d5 4. cxd5 Nxd5 5. Qa4+ Bd7 6. Qh4 Nxc3 7. bxc3 Nc6
8. d4 e6 9. Qxd8+ Rxd8 10. Rb1 b6 11. h4 h6 12. e4 Bd6 13. Nd2 Na5 14. Nc4 Nxc4
15. Bxc4 c5 16. Be3 cxd4 17. cxd4 Rc8 18. Bd3 e5 19. dxe5 Bxe5 20. Ke2 h5 21.
Rhc1 Ke7 22. Ba6 Rxc1 23. Rxc1 Rb8 24. Rb1 f6 25. g3 Bg4+ 26. Ke1 Rd8 27. f4
Bc3+ 28. Kf2 Bd2 29. a3 Rd7 30. Bb5 1/2-1/2

[Event "BL 1011 SC Remagen - SG Turm Trier"]
[Site "?"]
[Date "2011.02.05"]
[Round "8.8"]
[White "Kipper, Jens"]
[Black "Seger, Ruediger"]
[Result "1/2-1/2"]
[WhiteElo "2394"]
[BlackElo "2416"]
[PlyCount "48"]
[EventDate "2011.??.??"]

1. Nf3 Nf6 2. c4 g6 3. Nc3 d5 4. cxd5 Nxd5 5. Qa4+ Bd7 6. Qc2 Nb6 7. d4 Bg7 8.
e4 O-O 9. Be3 Nc6 10. d5 Ne5 11. Nxe5 Bxe5 12. Rd1 Qe8 13. Be2 c6 14. Bh6 Bg7
15. Bxg7 Kxg7 16. O-O e5 17. dxc6 Bxc6 18. Rd6 Qe7 19. Rfd1 Rfd8 20. Qd2 Rxd6
21. Qxd6 Qxd6 22. Rxd6 Kf8 23. f3 Ke7 24. Rd2 Rd8 1/2-1/2

[Event "BL 1011 Solinger SG - SV Griesheim"]
[Site "?"]
[Date "2011.02.05"]
[Round "8.2"]
[White "Sandipan, Chanda"]
[Black "Berczes, David"]
[Result "1-0"]
[WhiteElo "2641"]
[BlackElo "2520"]
[PlyCount "115"]
[EventDate "2011.??.??"]

1. d4 d5 2. c4 c6 3. Nf3 Nf6 4. e3 g6 5. Nbd2 Bg7 6. b4 O-O 7. Be2 Bg4 8. O-O
Bxf3 9. Bxf3 a5 10. b5 cxb5 11. cxb5 Nbd7 12. a4 Nb6 13. Qb3 e6 14. Ba3 Re8 15.
Rac1 Bf8 16. Bc5 Nbd7 17. Rc2 Nxc5 18. dxc5 Nd7 19. Rfc1 b6 20. cxb6 Nxb6 21.
Rc6 Rb8 22. Bd1 Bb4 23. Qd3 Qe7 24. Bb3 Nd7 25. Nf3 Nc5 26. Qc2 Ne4 27. h3 Red8
28. Nd4 Qh4 29. Qe2 Nd2 30. Ba2 e5 31. Nf3 Qh5 32. g4 Qxh3 33. Nxd2 Bxd2 34.
Qxd2 Qxg4+ 35. Kf1 Qxa4 36. b6 Qb5+ 37. Qe2 Rxb6 38. Qxb5 Rxb5 39. R6c5 Rb2 40.
Rxd5 Ra8 41. Bc4 Ra7 42. Ra1 a4 43. Rxe5 a3 44. Rb5 Rc2 45. Bd3 Rc3 46. Ke2 Rd7
47. Bb1 h5 48. Ra5 Rb7 49. Be4 Rb2+ 50. Kf3 h4 51. R5xa3 Rc5 52. Ra5 Rxa5 53.
Rxa5 f5 54. Bxf5 gxf5 55. Rxf5 Rb6 56. Rh5 Rb4 57. Rg5+ Kf7 58. Rg4 1-0

[Event "BL 1011 Solinger SG - SV Griesheim"]
[Site "?"]
[Date "2011.02.05"]
[Round "8.3"]
[White "Tazbir, Marcin"]
[Black "Stellwagen, Daniel"]
[Result "1/2-1/2"]
[WhiteElo "2523"]
[BlackElo "2635"]
[PlyCount "52"]
[EventDate "2011.??.??"]

1. e4 e6 2. d3 d5 3. Qe2 dxe4 4. dxe4 e5 5. Nf3 Nc6 6. c3 Nf6 7. Qc2 Bd6 8. Be3
Ng4 9. Bg5 f6 10. Bh4 Be6 11. Nbd2 Qd7 12. Bc4 O-O-O 13. h3 Nh6 14. O-O-O a6
15. b4 Qf7 16. Bxe6+ Qxe6 17. Qb3 Rhe8 18. g4 Nf7 19. Qxe6+ Rxe6 20. Nc4 Bf8
21. Kc2 g6 22. a4 b5 23. axb5 axb5 24. Nb2 Nd6 25. Rhe1 Nb8 26. Nd2 Nd7 1/2-1/2